[Event "XXVI. Rhein-Main-Open, Gruppe B"]
[Site "Bad Homburg vor der Höhe"]
[Date "2024.05.28"]
[Round "1"]
[White "Arnold, Michael"]
[Black "Lao, Theodora Siyuan"]
[Result "1-0"]
[WhiteElo "1829"]
[BlackElo "1088"]
[PlyCount "119"]
[EventDate "2024.??.??"]
[WhiteTeam "SK Langen"]
[BlackTeam "SK Bad Homburg 1927"]

1. d4 d5 2. Nf3 Nf6 3. e3 Bf5 4. Bd3 Be6 5. Nbd2 g6 6. O-O Bg7 7. Re1 O-O 8. c3 Nc6 9. Qe2 Qd7 10. e4 dxe4 11. Nxe4 Bf5 12. Bg5 Nxe4 13. Bxe4 Rfe8 14. Qd3 e5 15. Bxf5 Qxf5 16. Qxf5 gxf5 17. dxe5 Nxe5 18. Nd4 Nd3 19. Re7 h6 20. Bh4 Nxb2 21. Rae1 Kf8 22. Nxf5 Bxc3 23. Nxh6 Rxe7 24. Rxe7 Kg7 25. Nf5+ Kg6 26. Ne3 Rd8 27. Rxc7 Rb8 28. Rxc3 Na4 29. Rc4 Nb6 30. Re4 Rc8 31. g4 Rc1+ 32. Kg2 Rc5 33. Bd8 Nd7 34. h4 Nf6 35. Bxf6 Kxf6 36. h5 Kg5 37. Kg3 b5 38. Rf4 f6 39. Rf5+ Rxf5 40. Nxf5 a5 41. Nd4 b4 42. f4+ Kh6 43. Kh4 a4 44. g5+ fxg5+ 45. fxg5+ Kg7 46. Kg4 Kh7 47. Kf5 Kg7 48. h6+ Kh8 49. Kf6 Kg8 50. g6 Kf8 51. h7 Ke8 52. h8=Q+ Kd7 53. Qb8 b3 54. axb3 axb3 55. Qxb3 Kd6 56. Qb5 Kc7 57. Qc6+ Kb8 58. g7 Ka7 59. Nb5+ Kb8 60. g8=Q# 1-0

[Event "XXVI. Rhein-Main-Open, Gruppe B"]
[Site "Bad Homburg vor der Höhe"]
[Date "2024.05.28"]
[Round "1"]
[White "Bahlo, Jens"]
[Black "Keller, Konstantin"]
[Result "1-0"]
[WhiteElo "1888"]
[BlackElo "1686"]
[PlyCount "53"]
[EventDate "2024.??.??"]
[WhiteTeam "SK 1858 Gießen"]
[BlackTeam "SV 1920 Hofheim"]

1. e4 c6 2. Nc3 d5 3. Qf3 Nf6 4. e5 Nfd7 5. d4 e6 6. Bd3 c5 7. Nb5 cxd4 8. Qg3 Nc6 9. Nf3 g6 10. Nbxd4 Qb6 11. c3 Bg7 12. Nxc6 bxc6 13. b3 Nc5 14. Bc2 Qc7 15. Ba3 Bf8 16. Nd2 Nd3+ 17. Bxd3 Bxa3 18. Rb1 Be7 19. O-O Qa5 20. Qe3 Qxc3 21. Rfc1 d4 22. Qe4 Qxd2 23. Qxc6+ Bd7 24. Qxa8+ Bd8 25. Rd1 Qxa2 26. Qb7 Bb6 27. Qb8+ 1-0

[Event "XXVI. Rhein-Main-Open, Gruppe B"]
[Site "Bad Homburg vor der Höhe"]
[Date "2024.05.28"]
[Round "1"]
[White "Beier, Martin"]
[Black "Kolker, Vladislav"]
[Result "1/2-1/2"]
[WhiteElo "1602"]
[BlackElo "1896"]
[PlyCount "42"]
[EventDate "2024.??.??"]
[WhiteTeam "SK Bad Homburg 1927"]
[BlackTeam "SC Bad Nauheim"]

1. e4 e5 2. Nf3 Nc6 3. d4 exd4 4. Bc4 Nf6 5. O-O Nxe4 6. Re1 d5 7. Bxd5 Qxd5 8. Nc3 Qa5 9. Nxe4 Be6 10. Neg5 Bb4 11. Re4 O-O-O 12. Nxe6 fxe6 13. Rxe6 Rhf8 14. a3 Bd6 15. Bd2 Qh5 16. h3 h6 17. Qe2 Qf7 18. Re1 Bf4 19. Re4 Bd6 20. b4 a6 21. Kf1 Qf6 1/2-1/2

[Event "XXVI. Rhein-Main-Open, Gruppe B"]
[Site "Bad Homburg vor der Höhe"]
[Date "2024.05.28"]
[Round "1"]
[White "Bezsonna, Polina"]
[Black "Goodwin, David"]
[Result "1-0"]
[WhiteElo "1788"]
[BlackElo "1661"]
[PlyCount "105"]
[EventDate "2024.??.??"]
[WhiteTeam "SK Bad Homburg 1927"]
[BlackTeam "SV 1920 Kelsterbach"]

1. e4 g6 2. d4 Bg7 3. Nc3 d6 4. Nge2 Nd7 5. g3 c5 6. Bg2 cxd4 7. Nxd4 Ngf6 8. O-O O-O 9. h3 a6 10. Re1 e5 11. Nb3 Rb8 12. Qxd6 Qb6 13. Rd1 Re8 14. Be3 Qxd6 15. Rxd6 Bf8 16. Rd3 b6 17. Rad1 Nc5 18. Nxc5 bxc5 19. Rd8 Be6 20. Rxe8 Nxe8 21. b3 Nc7 22. Na4 c4 23. Bf1 cxb3 24. cxb3 Nb5 25. Rc1 Rd8 26. Kg2 Ba3 27. Rc6 Rd1 28. Bxb5 axb5 29. Nc3 Ra1 30. Nxb5 Rxa2 31. Ra6 Bxb3 32. Rxa3 Rxa3 33. Nxa3 f5 34. exf5 Bd5+ 35. Kf1 gxf5 36. Ke2 h5 37. Nc2 Bc4+ 38. Kd2 Kg7 39. h4 Kf6 40. Kc3 Bd5 41. Kb4 Bf3 42. Kc5 Ke6 43. Nb4 e4 44. Nd5 Bg4 45. Nf4+ Kf7 46. Kd5 Bd1 47. Ke5 Bg4 48. Bc5 Kg7 49. Ke6 Kh7 50. Kf6 Kg8 51. Kg6 Kh8 52. Nd5 Bh3 53. Ne7 1-0

[Event "XXVI. Rhein-Main-Open, Gruppe B"]
[Site "Bad Homburg vor der Höhe"]
[Date "2024.05.28"]
[Round "1"]
[White "Bigott, Martin"]
[Black "Pishnograev, Ilya"]
[Result "1-0"]
[WhiteElo "1885"]
[BlackElo "1697"]
[PlyCount "45"]
[EventDate "2024.??.??"]
[WhiteTeam "SK Köln-Südwest"]
[BlackTeam "SK Bad Homburg 1927"]

1. g3 e5 2. Nf3 Nc6 3. d4 e4 4. Ne5 d5 5. Nxc6 bxc6 6. c4 Be7 7. Qa4 Bd7 8. c5 Nf6 9. Qa5 O-O 10. Bf4 Ne8 11. h4 f6 12. Nc3 g5 13. Bd2 Ng7 14. O-O-O Bg4 15. Bg2 Nf5 16. f3 exf3 17. exf3 Bxf3 18. Bxf3 Nxd4 19. Bh5 Ne6 20. b4 Rb8 21. a3 d4 22. Be3 Qd5 23. Nxd5 1-0

[Event "XXVI. Rhein-Main-Open, Gruppe B"]
[Site "Bad Homburg vor der Höhe"]
[Date "2024.05.28"]
[Round "1"]
[White "Clement, Marc"]
[Black "Ahrends, Norbert"]
[Result "0-1"]
[WhiteElo "1659"]
[BlackElo "1944"]
[PlyCount "114"]
[EventDate "2024.??.??"]
[WhiteTeam "Altonaer SK von 1873 e.V"]
[BlackTeam "SK 1980 Gernsheim"]

1. e4 c6 2. d3 d5 3. Nd2 g6 4. Ngf3 Bg7 5. g3 Bg4 6. h3 Bxf3 7. Qxf3 Nd7 8. Bg2 e6 9. O-O Ne7 10. Re1 O-O 11. h4 Qb6 12. Nb3 Qd8 13. d4 Qb6 14. e5 c5 15. c3 cxd4 16. cxd4 Rac8 17. Be3 Rc2 18. Rab1 Nf5 19. Qd1 Rc6 20. Nd2 Rfc8 21. b3 Rc2 22. Nc4 Nxe3 23. fxe3 Rxg2+ 24. Kxg2 dxc4 25. bxc4 Qc6+ 26. Kh3 b6 27. Rc1 f6 28. e4 Bh6 29. Rc2 fxe5 30. d5 exd5 31. exd5 Qd6 32. Rf1 e4 33. Qb1 Ne5 34. Qb5 e3 35. Qa6 Qd7+ 36. Kg2 Nxc4 37. Rd1 e2 38. Rxe2 Ne3+ 39. Rxe3 Bxe3 40. Qd3 Bh6 41. Qb3 Qd6 42. a4 Re8 43. Rd3 Bg7 44. Qc4 h6 45. Rf3 Rd8 46. Rd3 Kh7 47. Qe4 Qe5 48. Qf3 Rf8 49. Qd1 Qe4+ 50. Kg1 Qf5 51. Qe2 Qe5 52. Qd1 Qd6 53. Kg2 h5 54. g4 hxg4 55. Qxg4 Rf4 56. Qg3 Be5 57. Qg5 Qf6 0-1

[Event "XXVI. Rhein-Main-Open, Gruppe B"]
[Site "Bad Homburg vor der Höhe"]
[Date "2024.05.28"]
[Round "1"]
[White "Faisz, David"]
[Black "Fang, Borui"]
[Result "0-1"]
[WhiteElo "1565"]
[BlackElo "1740"]
[PlyCount "80"]
[EventDate "2024.??.??"]
[WhiteTeam "SK 1926 Ettlingen"]
[BlackTeam "SV Oberursel"]

1. e4 e5 2. Nf3 Nc6 3. Bc4 Nf6 4. Ng5 d5 5. exd5 b5 6. dxc6 bxc4 7. O-O Bc5 8. Nc3 O-O 9. d3 cxd3 10. Qxd3 Qxd3 11. cxd3 Ba6 12. Rd1 Rad8 13. Nf3 Rfe8 14. Ne1 e4 15. dxe4 Rxd1 16. Nxd1 Nxe4 17. Be3 Nd6 18. Nc2 Bb6 19. Bxb6 axb6 20. Nde3 Re5 21. Nb4 Bc8 22. Nbd5 Ne8 23. Rd1 Kf8 24. Nf4 Nd6 25. Rd5 Re4 26. g3 h6 27. Kg2 g5 28. Nd3 Ba6 29. Ne5 f6 30. Nd7+ Ke7 31. Nf5+ Ke6 32. Nxd6 cxd6 33. Nxb6 Rb4 34. Rd2 Rxb6 35. c7 Kd7 36. Rc2 Bb7+ 37. Kg1 Rc6 38. Rxc6 Kxc6 39. f4 Kxc7 40. f5 h5 0-1

[Event "XXVI. Rhein-Main-Open, Gruppe B"]
[Site "Bad Homburg vor der Höhe"]
[Date "2024.05.28"]
[Round "1"]
[White "Fernandez Egea, Andres"]
[Black "Stojanoski, Stefan"]
[Result "1-0"]
[WhiteElo "1892"]
[BlackElo "1638"]
[PlyCount "67"]
[EventDate "2024.??.??"]
[WhiteTeam "SF Frankfurt 1921"]
[BlackTeam "SAbt TuS Makkabi Ffm"]

1. c4 e5 2. Nc3 Nf6 3. g3 d5 4. cxd5 Nxd5 5. Bg2 Nxc3 6. bxc3 Bd6 7. Qc2 O-O 8. Rb1 c6 9. e3 Qf6 10. Ne2 Bc5 11. O-O Bb6 12. Qa4 Nd7 13. d4 exd4 14. cxd4 Bc7 15. Ba3 Re8 16. Qc2 Bd6 17. Bb2 Qh6 18. e4 Qg6 19. Qd2 Nb6 20. Rfc1 Be6 21. Bc3 Rab8 22. Nf4 Bxf4 23. Qxf4 Na4 24. Bb4 Nb6 25. Bc5 Rec8 26. a3 Ra8 27. Bxb6 axb6 28. Rxb6 Rxa3 29. d5 Bd7 30. Rxb7 Be8 31. Rb8 Rxb8 32. Qxb8 f6 33. dxc6 Qf7 34. c7 1-0

[Event "XXVI. Rhein-Main-Open, Gruppe B"]
[Site "Bad Homburg vor der Höhe"]
[Date "2024.05.28"]
[Round "1"]
[White "Friedel, Thomas"]
[Black "Lebermann, Hellmuth"]
[Result "1/2-1/2"]
[WhiteElo "1674"]
[BlackElo "1909"]
[PlyCount "63"]
[EventDate "2024.??.??"]
[WhiteTeam "SV 1946 Groß-Gerau"]
[BlackTeam "SK Bad Homburg 1927"]

1. Nf3 d5 2. d4 e6 3. c4 Nf6 4. Nc3 Be7 5. Bf4 c6 6. e3 O-O 7. Bd3 a5 8. O-O Nbd7 9. Qc2 h6 10. h3 b6 11. Qb3 a4 12. Qc2 Ba6 13. Nxa4 dxc4 14. Be2 b5 15. Nc3 Nd5 16. Bh2 N7f6 17. Ne4 Nxe4 18. Qxe4 Rc8 19. Rfc1 Bd6 20. Ne5 Re8 21. Bh5 Rc7 22. a3 Nf6 23. Qh4 Nxh5 24. Qxh5 f6 25. Nf3 Bxh2+ 26. Nxh2 Qe7 27. Rc3 e5 28. dxe5 Qxe5 29. Qxe5 Rxe5 30. Nf3 Rd5 31. Kf1 Rcd7 32. Ke2 1/2-1/2

[Event "XXVI. Rhein-Main-Open, Gruppe B"]
[Site "Bad Homburg vor der Höhe"]
[Date "2024.05.28"]
[Round "1"]
[White "Gaertner, David"]
[Black "Schneider, Wolfram"]
[Result "0-1"]
[WhiteElo "1637"]
[BlackElo "1914"]
[PlyCount "50"]
[EventDate "2024.??.??"]
[WhiteTeam "Sfr.Mainz 1928"]
[BlackTeam "SK Marburg 1931/72"]

1. d4 Nf6 2. c4 g6 3. Nf3 Bg7 4. g3 O-O 5. Bg2 d5 6. O-O c6 7. Nc3 dxc4 8. e4 b5 9. Re1 Bb7 10. Bg5 h6 11. Bxf6 Bxf6 12. e5 Bg7 13. a4 a6 14. Nh4 Qc8 15. e6 g5 16. exf7+ Rxf7 17. Ng6 Qd7 18. Qh5 c5 19. Bh3 Qc6 20. d5 Qf6 21. Be6 Qxf2+ 22. Kh1 Qf6 23. Rf1 Qxe6 24. Kg1 Bd4+ 25. Kg2 Bxc3 0-1

[Event "XXVI. Rhein-Main-Open, Gruppe B"]
[Site "Bad Homburg vor der Höhe"]
[Date "2024.05.28"]
[Round "1"]
[White "Ghaznavi, Massoud"]
[Black "Francke, Helmut"]
[Result "0-1"]
[WhiteElo "1664"]
[BlackElo "1895"]
[PlyCount "54"]
[EventDate "2024.??.??"]
[WhiteTeam "SV Oberursel"]
[BlackTeam "SC Bad Nauheim"]

1. d4 Nf6 2. c4 e6 3. Nc3 Bb4 4. Bd2 c5 5. e3 O-O 6. Bd3 d5 7. Nf3 Nc6 8. O-O dxc4 9. Bxc4 cxd4 10. Ne2 Bxd2 11. Qxd2 dxe3 12. Qxe3 b6 13. Rad1 Qe7 14. a3 Bb7 15. b4 Rfd8 16. b5 Na5 17. Ne5 Rxd1 18. Rxd1 Nxc4 19. Nxc4 Rd8 20. Rxd8+ Qxd8 21. Qd4 Nd5 22. a4 Qe7 23. h3 f6 24. Ne3 Nxe3 25. Qxe3 Qd6 26. Nf4 Kf7 27. g3 Qd1+ 0-1

[Event "XXVI. Rhein-Main-Open, Gruppe B"]
[Site "Bad Homburg vor der Höhe"]
[Date "2024.05.28"]
[Round "1"]
[White "Glavev, Victor"]
[Black "Nikonenko, Hlib"]
[Result "0-1"]
[WhiteElo "1483"]
[BlackElo "1648"]
[PlyCount "110"]
[EventDate "2024.??.??"]
[WhiteTeam "SK Bad Homburg 1927"]
[BlackTeam "SV Oberursel"]

1. e4 e6 2. d4 d5 3. exd5 exd5 4. Nf3 Bg4 5. Nc3 Nf6 6. h3 Bh5 7. Bd3 Bb4 8. Bd2 O-O 9. O-O Nc6 10. Be3 Qd7 11. Bg5 Bxc3 12. bxc3 Ne4 13. Ne5 Nxe5 14. Qxh5 Nxd3 15. cxd3 Nxc3 16. Qg4 Qxg4 17. hxg4 Ne2+ 18. Kh1 Nxd4 19. Be3 Nc2 20. Rac1 Nxe3 21. fxe3 c6 22. Rb1 Rab8 23. e4 dxe4 24. dxe4 Rfe8 25. Rfe1 f6 26. a4 Kf7 27. Kh2 a5 28. Kg3 Re7 29. Kf3 b5 30. Rec1 Re6 31. Rd1 Ke7 32. Rh1 h6 33. Rh5 Re5 34. Rhh1 b4 35. Rhc1 c5 36. g3 Rc8 37. Ke3 c4 38. Kd4 c3 39. Kd3 Rd8+ 40. Ke3 Rc5 41. Ke2 Ke6 42. Kf3 Ke5 43. Ke3 Rc4 44. Kf3 Rd3+ 45. Kf2 c2 46. Rb2 b3 47. Ke2 Kxe4 48. Ke1 Kd4 49. Ke2 Kc3 50. Rbb1 b2 51. Rxb2 Kxb2 52. Rxc2+ Kxc2 53. Ke1 Rd2 54. Kf1 Kd3 55. Ke1 Rc1# 0-1

[Event "XXVI. Rhein-Main-Open, Gruppe B"]
[Site "Bad Homburg vor der Höhe"]
[Date "2024.05.28"]
[Round "1"]
[White "Hees, Robin"]
[Black "Krischak, Werner"]
[Result "1-0"]
[WhiteElo "1552"]
[BlackElo "1791"]
[PlyCount "65"]
[EventDate "2024.??.??"]
[WhiteTeam "SK Bad Homburg 1927"]
[BlackTeam "SK Marburg 1931/72"]

1. d4 d5 2. c4 c6 3. Nf3 Nf6 4. Nc3 dxc4 5. e4 b5 6. e5 Nd5 7. a4 b4 8. Ne4 c3 9. bxc3 bxc3 10. a5 e6 11. Bc4 Ba6 12. Bxa6 Nxa6 13. Qd3 Nab4 14. Qe2 Qc7 15. O-O c5 16. dxc5 Bxc5 17. Qb5+ Ke7 18. Qxc5+ Qxc5 19. Nxc5 Rac8 20. Ne4 f6 21. Ba3 f5 22. Nd6 Rb8 23. Bxb4 Rxb4 24. Rfc1 Rhb8 25. g3 h6 26. Ne1 h5 27. Nd3 Rd4 28. Nc5 Rb2 29. Na4 Rb3 30. Nc8+ Kd8 31. Nxa7 Kc7 32. Nc5 Rdb4 33. Nxe6+ 1-0

[Event "XXVI. Rhein-Main-Open, Gruppe B"]
[Site "Bad Homburg vor der Höhe"]
[Date "2024.05.28"]
[Round "1"]
[White "Henn, Jochen"]
[Black "Gold, Jan Christian"]
[Result "0-1"]
[WhiteElo "1671"]
[BlackElo "1969"]
[PlyCount "56"]
[EventDate "2024.??.??"]
[WhiteTeam "SC Bad Nauheim"]
[BlackTeam "SK Bad Homburg 1927"]

1. e4 e6 2. d4 d5 3. e5 c5 4. c3 a6 5. a3 Bd7 6. Nf3 cxd4 7. cxd4 Bb5 8. Bxb5+ axb5 9. O-O Ne7 10. Nc3 b4 11. Ne2 Nec6 12. Bd2 Na6 13. a4 Be7 14. b3 O-O 15. Be3 Na5 16. Rb1 b5 17. axb5 Nc7 18. Qd3 Qb8 19. Ng5 g6 20. Bc1 Qxb5 21. Qxb5 Nxb5 22. Nf3 Nc3 23. Nxc3 bxc3 24. b4 Rab8 25. b5 Rfc8 26. Bh6 g5 27. Rfc1 c2 28. Ra1 Nb3 0-1

[Event "XXVI. Rhein-Main-Open, Gruppe B"]
[Site "Bad Homburg vor der Höhe"]
[Date "2024.05.28"]
[Round "1"]
[White "Iannotti, Tim"]
[Black "Glavev, Danail"]
[Result "1/2-1/2"]
[WhiteElo "1094"]
[BlackElo "1683"]
[PlyCount "119"]
[EventDate "2024.??.??"]
[WhiteTeam "SV Oberursel"]
[BlackTeam "SK Bad Homburg 1927"]

1. e4 e5 2. Nf3 Nc6 3. Bb5 a6 4. Ba4 Bc5 5. Bxc6 dxc6 6. Nxe5 Qd4 7. Nd3 Qxe4+ 8. Qe2 Qxe2+ 9. Kxe2 Bd6 10. b3 Bf5 11. Bb2 f6 12. Kd1 Bxd3 13. cxd3 O-O-O 14. Nc3 Bc5 15. Ne4 Bd4 16. Bxd4 Rxd4 17. Nc5 Ne7 18. Kc2 Nf5 19. Rae1 Rd5 20. b4 a5 21. a3 axb4 22. axb4 Nd4+ 23. Kc3 b6 24. Ne6 Nxe6 25. Rxe6 c5 26. Rb1 Rhd8 27. Re3 Rf5 28. f3 Rg5 29. g3 Rh5 30. h4 Rhd5 31. g4 f5 32. Rb3 fxg4 33. fxg4 Kb7 34. Kc2 cxb4 35. Rxb4 Rd4 36. Rxd4 Rxd4 37. Re4 Rd7 38. Kc3 Kc6 39. d4 Kd6 40. Kc4 c6 41. Re5 Rf7 42. Rh5 h6 43. g5 hxg5 44. Rxg5 b5+ 45. Kd3 Re7 46. h5 Kc7 47. Kc3 Kb6 48. Rg6 Rd7 49. d3 Rd5 50. Rxg7 Rxh5 51. Re7 Rh1 52. Re6 Rh5 53. Kb4 Rd5 54. Kc3 Rd7 55. Re5 Rd6 56. Re4 Ka5 57. Re5 Rd5 58. Re6 Kb6 59. Re5 Ka5 60. Re6 1/2-1/2

[Event "XXVI. Rhein-Main-Open, Gruppe B"]
[Site "Bad Homburg vor der Höhe"]
[Date "2024.05.28"]
[Round "1"]
[White "Jordake, Michael"]
[Black "Nikonenko, Tymofii"]
[Result "1-0"]
[WhiteElo "1804"]
[BlackElo "1230"]
[PlyCount "67"]
[EventDate "2024.??.??"]
[WhiteTeam "SC Bergen-Enkheim 1922"]
[BlackTeam "SV Oberursel"]

1. Nc3 e5 2. Nf3 Nc6 3. d4 exd4 4. Nxd4 Bc5 5. Nf5 Qf6 6. e4 g6 7. Nd5 Qe5 8. Ng3 g5 9. f4 gxf4 10. Bxf4 Qxb2 11. Nxc7+ Kd8 12. Nxa8 Bb4+ 13. Bd2 Nd4 14. Bd3 Bxd2+ 15. Kxd2 Qb4+ 16. c3 Qb2+ 17. Bc2 Nb5 18. Qf3 d6 19. Rhb1 Qxc2+ 20. Kxc2 Na3+ 21. Kb3 Nxb1 22. Rxb1 Be6+ 23. Ka3 Kc8 24. e5 d5 25. c4 Ne7 26. Qb3 b6 27. Nxb6+ axb6 28. Qxb6 Kd7 29. Qd6+ Ke8 30. Rb8+ Bc8 31. Qc7 Kf8 32. Rxc8+ Nxc8 33. Qxc8+ Kg7 34. Nf5+ 1-0

[Event "XXVI. Rhein-Main-Open, Gruppe B"]
[Site "Bad Homburg vor der Höhe"]
[Date "2024.05.28"]
[Round "1"]
[White "Kellermann, Friedrich"]
[Black "Fallouh, Philippe"]
[Result "0-1"]
[WhiteElo "1633"]
[BlackElo "1781"]
[PlyCount "50"]
[EventDate "2024.??.??"]
[WhiteTeam "SC Hilchenbach"]
[BlackTeam "SK Bad Homburg 1927"]

1. c4 e6 2. Nc3 Nf6 3. g3 Nc6 4. Bg2 Bc5 5. e3 a6 6. Nge2 d5 7. d4 Ba7 8. b3 O-O 9. O-O Ne7 10. Qc2 Ng6 11. Rd1 h5 12. h4 c6 13. e4 Ng4 14. Nf4 e5 15. Nxh5 exd4 16. Ne2 Nxf2 17. Rxd4 Bxd4 18. Nxd4 Nxe4 19. Ne2 Bf5 20. Qb2 f6 21. Nef4 Nxf4 22. Nxf4 Qb6+ 23. Kh2 Qf2 24. Qxf2 Nxf2 25. Be3 Ng4+ 0-1

[Event "XXVI. Rhein-Main-Open, Gruppe B"]
[Site "Bad Homburg vor der Höhe"]
[Date "2024.05.28"]
[Round "1"]
[White "Kesavan, Sarvesh"]
[Black "Leopold, Dieter"]
[Result "0-1"]
[WhiteElo "1670"]
[BlackElo "1844"]
[PlyCount "94"]
[EventDate "2024.??.??"]
[WhiteTeam "SK Bad Homburg 1927"]
[BlackTeam "SK Königsspringer Wewels"]

1. e4 e5 2. Nf3 Nc6 3. Bc4 Nf6 4. d3 Bc5 5. c3 d6 6. O-O O-O 7. h3 h6 8. Re1 a6 9. a4 Ba7 10. Nbd2 Ne7 11. Nf1 Ng6 12. Ng3 c6 13. Ba2 Qe7 14. Be3 Bxe3 15. fxe3 d5 16. exd5 Nxd5 17. d4 e4 18. Nd2 f5 19. Nc4 Be6 20. Nd2 Rae8 21. Bxd5 cxd5 22. Rf1 Qg5 23. Nh5 Qxe3+ 24. Rf2 Qg5 25. Nf1 f4 26. g4 fxg3 27. Rxf8+ Rxf8 28. Nfxg3 Bxh3 29. Qb3 Rf7 30. Rd1 Bg4 31. Rf1 Rxf1+ 32. Kxf1 Bxh5 33. Nxh5 Qxh5 34. Qxb7 Qf3+ 35. Ke1 Nf4 36. Qc8+ Kh7 37. Qf5+ Kg8 38. Qc8+ Kh7 39. Qf5+ Ng6 40. Qxd5 h5 41. c4 h4 42. Qg5 h3 43. Qg1 Nf4 44. Qh2 e3 45. Qxh3+ Nxh3 46. d5 Nf4 47. d6 Qe2# 0-1

[Event "XXVI. Rhein-Main-Open, Gruppe B"]
[Site "Bad Homburg vor der Höhe"]
[Date "2024.05.28"]
[Round "1"]
[White "Kovacs, Adam"]
[Black "Zerhusen, Martin"]
[Result "1/2-1/2"]
[WhiteElo "1421"]
[BlackElo "1805"]
[PlyCount "97"]
[EventDate "2024.??.??"]
[WhiteTeam "SK Gründau"]
[BlackTeam "SV Rüsselsheim 1929"]

1. Nf3 d5 2. c4 c6 3. d4 e6 4. Nc3 f5 5. Bg5 Be7 6. Bxe7 Qxe7 7. e3 Nf6 8. Bd3 O-O 9. O-O Nbd7 10. Rc1 Ne4 11. Nd2 Nb6 12. cxd5 exd5 13. a4 Be6 14. f3 Nf6 15. Qc2 g6 16. e4 dxe4 17. fxe4 fxe4 18. Ndxe4 Nbd5 19. Nxf6+ Rxf6 20. Nxd5 Bxd5 21. Rce1 Qg7 22. Rxf6 Qxf6 23. Re5 Rf8 24. Bc4 Bxc4 25. Qxc4+ Kg7 26. Qe2 Qf4 27. Re7+ Rf7 28. Qe5+ Qxe5 29. Rxe5 Rd7 30. Re4 Kf6 31. Kf2 Rd5 32. Ke3 b5 33. axb5 Rxb5 34. Rf4+ Ke6 35. Rf2 Rb3+ 36. Ke4 Rb4 37. Rc2 Kd6 38. Kd3 Rb7 39. Re2 c5 40. dxc5+ Kxc5 41. Kc3 Rc7 42. Kb3 Kd4 43. Re8 Kd3 44. Rd8+ Ke2 45. Rf8 Ke3 46. Rf3+ Ke4 47. Rf8 Ke5 48. Rf3 h5 49. Rf1 1/2-1/2

[Event "XXVI. Rhein-Main-Open, Gruppe B"]
[Site "Bad Homburg vor der Höhe"]
[Date "2024.05.28"]
[Round "1"]
[White "Kulkovets, Roman"]
[Black "Hensel, Roman"]
[Result "1/2-1/2"]
[WhiteElo "1684"]
[BlackElo "1743"]
[PlyCount "81"]
[EventDate "2024.??.??"]
[WhiteTeam "SAbt TuS Makkabi Ffm"]
[BlackTeam "SV Oberursel"]

1. e4 c5 2. Nc3 Nc6 3. Nf3 d6 4. d4 cxd4 5. Nxd4 Nf6 6. Bc4 Qb6 7. Nxc6 bxc6 8. h3 Ba6 9. Qe2 Bxc4 10. Qxc4 g6 11. Be3 Qc7 12. g4 Bg7 13. Rb1 O-O 14. g5 Nd7 15. f4 Nb6 16. Qe2 Bxc3+ 17. bxc3 d5 18. O-O dxe4 19. Bc1 f5 20. gxf6 exf6 21. Qxe4 Rfe8 22. Qd4 Kg7 23. c4 Rad8 24. Qc3 Qe7 25. Ba3 Qe3+ 26. Qxe3 Rxe3 27. Bc5 Rxh3 28. Bxb6 axb6 29. Rxb6 Rd6 30. Rb3 Rh5 31. Re1 Rd7 32. Re2 Rf5 33. Re4 g5 34. fxg5 Rd1+ 35. Kh2 Rd2+ 36. Kh3 fxg5 37. Re6 Rxc2 38. Rxc6 Rxa2 39. Kg4 Rf7 40. Kxg5 Rg2+ 41. Kh4 1/2-1/2

[Event "XXVI. Rhein-Main-Open, Gruppe B"]
[Site "Bad Homburg vor der Höhe"]
[Date "2024.05.28"]
[Round "1"]
[White "Liu, Jonas"]
[Black "Wesener, Joachim"]
[Result "1/2-1/2"]
[WhiteElo "1632"]
[BlackElo "1699"]
[PlyCount "77"]
[EventDate "2024.??.??"]
[WhiteTeam "SV Oberursel"]
[BlackTeam "SC Hilchenbach"]

1. e4 c5 2. Nf3 d6 3. d4 cxd4 4. Nxd4 Nf6 5. Nc3 g6 6. f3 Bg7 7. Be3 a6 8. Qd2 h5 9. O-O-O b5 10. Be2 Bb7 11. Nb3 Nbd7 12. Kb1 Rc8 13. Nd5 Nxd5 14. exd5 Qc7 15. c3 Nf6 16. Bd4 Kf8 17. Rhe1 Nxd5 18. Bxg7+ Kxg7 19. Qd4+ e5 20. Qd2 Rcd8 21. g3 Nb6 22. f4 Be4+ 23. Ka1 Bf5 24. Bf3 f6 25. Qe3 Rhe8 26. Nd2 Nc4 27. Nxc4 bxc4 28. Bd5 a5 29. Qf2 Rb8 30. Rd2 Rb6 31. Bxc4 Reb8 32. Bb3 Qc6 33. Qg2 Qe8 34. Red1 a4 35. Bc4 Bg4 36. Be2 Be6 37. Bf3 Qc8 38. Bd5 Bg4 39. Bf3 1/2-1/2

[Event "XXVI. Rhein-Main-Open, Gruppe B"]
[Site "Bad Homburg vor der Höhe"]
[Date "2024.05.28"]
[Round "1"]
[White "Moldenhauer, Nils"]
[Black "Beier, Claus Christian"]
[Result "1-0"]
[WhiteElo "1685"]
[BlackElo "1674"]
[PlyCount "43"]
[EventDate "2024.??.??"]
[WhiteTeam "SV Oberursel"]
[BlackTeam "SK Bad Homburg 1927"]

1. e4 e6 2. d4 d5 3. e5 c5 4. c3 Nc6 5. Nf3 Bd7 6. Be3 Qb6 7. Qc2 Rc8 8. Qd2 cxd4 9. cxd4 Nge7 10. Nc3 Nf5 11. Rb1 Bb4 12. Rc1 O-O 13. Be2 Na5 14. O-O Nc4 15. Bxc4 Rxc4 16. a3 Be7 17. Rc2 Rfc8 18. Rfc1 Qb3 19. Qd3 b5 20. Nd2 Rxc3 21. Rxc3 Rxc3 22. Qxc3 1-0

[Event "XXVI. Rhein-Main-Open, Gruppe B"]
[Site "Bad Homburg vor der Höhe"]
[Date "2024.05.28"]
[Round "1"]
[White "Muehlpfordt, Werner"]
[Black "Pichl, Johann"]
[Result "1/2-1/2"]
[WhiteElo "1971"]
[BlackElo "1708"]
[PlyCount "103"]
[EventDate "2024.??.??"]
[WhiteTeam "SC 1997 Lambsheim"]
[BlackTeam "SK Bad Homburg 1927"]

1. e4 d5 2. exd5 Qxd5 3. Nf3 Bg4 4. Be2 Nc6 5. Nc3 Qd7 6. O-O e5 7. Re1 f6 8. d4 O-O-O 9. dxe5 Qxd1 10. Rxd1 Rxd1+ 11. Bxd1 fxe5 12. Be3 Nf6 13. a3 Be7 14. h3 Be6 15. Be2 a6 16. Ng5 Bf5 17. g4 Bxc2 18. Rc1 Bb3 19. Bf3 Nd4 20. Bg2 h6 21. Nf3 Nxf3+ 22. Bxf3 Rf8 23. Bg2 Rd8 24. Re1 Nd5 25. Nxd5 Bxd5 26. Bxd5 Rxd5 27. Kf1 Bc5 28. Ke2 Bxe3 29. Kxe3 Kd7 30. Re2 c5 31. f4 Ke6 32. f5+ Kf6 33. Rc2 b5 34. b3 g6 35. fxg6 Kxg6 36. Rf2 c4 37. bxc4 bxc4 38. Ke4 Rd3 39. Kxe5 Rxh3 40. Rf6+ Kg5 41. Rxa6 Kxg4 42. Rc6 Rxa3 43. Rxc4+ Kg5 44. Rc8 Ra5+ 45. Ke4 Ra6 46. Kf3 h5 47. Kg2 h4 48. Rc5+ Kh6 49. Kh3 Ra4 50. Rb5 Kg6 51. Rc5 Ra3+ 52. Kxh4 1/2-1/2

[Event "XXVI. Rhein-Main-Open, Gruppe B"]
[Site "Bad Homburg vor der Höhe"]
[Date "2024.05.28"]
[Round "1"]
[White "Negru, Maximilian"]
[Black "Winter, Thomas"]
[Result "0-1"]
[WhiteElo "1605"]
[BlackElo "1624"]
[PlyCount "96"]
[EventDate "2024.??.??"]
[WhiteTeam "SK Bad Homburg 1927"]
[BlackTeam "SV Oberursel"]

1. e4 d6 2. d4 Nf6 3. Nc3 e5 4. Bg5 Be7 5. dxe5 dxe5 6. Nf3 Nbd7 7. Bc4 O-O 8. Qd2 c6 9. O-O-O Qc7 10. Kb1 b5 11. Bd3 Rd8 12. Bxf6 Bxf6 13. g4 Nc5 14. g5 Be7 15. Qe3 b4 16. Ne2 Be6 17. b3 a5 18. Nxe5 Qxe5 19. f4 Qc7 20. f5 Bxb3 21. axb3 Bf8 22. Bc4 Re8 23. Ng3 g6 24. fxg6 hxg6 25. Rdf1 Ne6 26. h4 Qe5 27. Qf3 Ra7 28. h5 Bg7 29. c3 bxc3 30. Bd3 c2+ 31. Kxc2 Nd4+ 32. Kd1 Nxf3 33. Rxf3 Qa1+ 34. Ke2 Qb2+ 35. Kf1 Rb7 36. hxg6 Qxb3 37. gxf7+ Rxf7 38. Nf5 Qd1+ 39. Kg2 Qd2+ 40. Kf1 Qxg5 41. Rg1 Qc1+ 42. Kg2 Qd2+ 43. Kh1 Kf8 44. Bc4 Be5 45. Rh3 Rxf5 46. exf5 Ke7 47. Rh7+ Kd6 48. Rh6+ Qxh6+ 0-1

[Event "XXVI. Rhein-Main-Open, Gruppe B"]
[Site "Bad Homburg vor der Höhe"]
[Date "2024.05.28"]
[Round "1"]
[White "Obst, Dietmar"]
[Black "Li, Leo Jiayi"]
[Result "1-0"]
[WhiteElo "1618"]
[BlackElo "1151"]
[PlyCount "51"]
[EventDate "2024.??.??"]
[WhiteTeam "SC Bad Nauheim"]
[BlackTeam "SV Oberursel"]

1. e4 c5 2. Nf3 d6 3. c3 Nc6 4. d4 e6 5. Bd3 cxd4 6. cxd4 e5 7. d5 Nd4 8. Nxd4 exd4 9. Qa4+ Bd7 10. Qxd4 Nf6 11. O-O Qb6 12. Qc3 Qc5 13. Be3 Qxc3 14. Nxc3 g6 15. Rfe1 Bg7 16. Bf4 Bf8 17. Bg5 Ng4 18. e5 Bf5 19. Bb5+ Bd7 20. exd6+ Be7 21. Rxe7+ Kf8 22. Bxd7 Kg7 23. Bxg4 Rad8 24. Ne4 Kf8 25. Bh6+ Kg8 26. Nf6# 1-0